[Event "42. Torneo Capablanca In Memoriam-Open"]
[Site "La Habana CUB"]
[Date "2007.05.26"]
[Round "8.15"]
[White "Iturrizaga, Eduardo"]
[Black "Gonzalez Perez, Arian"]
[Result "1-0"]
[WhiteElo "2398"]
[BlackElo "2430"]
[PlyCount "139"]
[EventDate "2007.05.18"]
[EventType "swiss"]
[EventRounds "9"]
[EventCountry "CUB"]
[Source "lmi"]
[SourceDate "2007.05.18"]

1. d4 Nf6 2. Nf3 c5 3. c3 e6 4. Bg5 d5 5. e3 Qb6 6. Qb3 Nc6 7. Nbd2 h6 8. Bh4
Bd7 9. Be2 Na5 10. Qxb6 axb6 11. Ne5 Bd6 12. f4 Nc6 13. O-O Ne7 14. a3 Nf5 15.
Bf2 h5 16. Rfe1 Bxe5 17. fxe5 Ne4 18. Nxe4 dxe4 19. Reb1 Ke7 20. Kf1 Bc6 21.
Ke1 f6 22. exf6+ gxf6 23. g3 h4 24. g4 Nh6 25. b4 cxd4 26. exd4 Rag8 27. b5 Bd7
28. h3 Nf7 29. Be3 f5 30. Kd2 e5 31. dxe5 fxg4 32. Bxb6 gxh3 33. Bc5+ Ke8 34.
Rb4 Rg2 35. e6 Bxe6 36. Rxe4 Ng5 37. Re3 h2 38. Rh1 Kf7 39. Rf1+ Kg6 40. Ke1
Rc8 41. Bd3+ Kh6 42. Bd4 Rf8 43. Rxf8 h1=Q+ 44. Rf1 Qh2 45. Be5 Rg3 46. Re2 Qh3
47. Rf6+ Kg7 48. Rxe6+ Kg8 49. Rg6+ Kf7 50. Rf6+ Kg8 51. Bc4+ Kh7 52. Bxg3
Qxg3+ 53. Kd2 Kg7 54. Rf1 Nf3+ 55. Kc2 Ne5 56. Kb3 Nxc4 57. Re7+ Kg6 58. Kxc4
h3 59. Ree1 h2 60. Kb3 Qg2 61. a4 b6 62. Rd1 Kg5 63. Rfe1 Kf4 64. Ka3 Qc2 65.
Rc1 Qh7 66. a5 bxa5 67. b6 Kg3 68. Rb1 Qd3 69. b7 Qxc3+ 70. Rb3 1-0

[Event "42. Torneo Capablanca In Memoriam-Open"]
[Site "La Habana CUB"]
[Date "2007.05.26"]
[Round "8.16"]
[White "Gongora Reyes, Maikel"]
[Black "Ortiz Suarez, Isam"]
[Result "1/2-1/2"]
[WhiteElo "2422"]
[BlackElo "2387"]
[PlyCount "134"]
[EventDate "2007.05.18"]
[EventType "swiss"]
[EventRounds "9"]
[EventCountry "CUB"]
[Source "lmi"]
[SourceDate "2007.05.18"]

1. d4 Nf6 2. c4 e6 3. Nc3 d5 4. Bg5 Be7 5. e3 O-O 6. Nf3 Nbd7 7. Qc2 c6 8. a3
a6 9. Rd1 b5 10. c5 Nh5 11. h4 f5 12. Bd3 h6 13. Bf4 a5 14. b4 Nxf4 15. exf4
Qc7 16. g3 Nf6 17. Ne5 Nd7 18. Ng6 Re8 19. Qb3 Bf6 20. Ne2 axb4 21. axb4 Nf8
22. Ne5 Bd7 23. Bc2 Qa7 24. Qc3 Qa3 25. Bb3 Ra7 26. h5 Rea8 27. f3 Qa6 28. Kf2
Qc8 29. g4 Qd8 30. Ke3 Ra3 31. Rb1 Be8 32. Nc1 R8a7 33. Ncd3 Nh7 34. Ne1 fxg4
35. fxg4 Ng5 36. Nc2 Ne4 37. Qe1 R3a6 38. Rh3 Qe7 39. Rd1 Qf8 40. Rd3 Qe7 41.
Ke2 Qd8 42. Qh1 Qa8 43. Rhe3 Ra1 44. Rd1 R1a3 45. Rb1 Bf7 46. Rxe4 Rxb3 47.
Rxb3 Ra2 48. Kd3 dxe4+ 49. Qxe4 Bxe5 50. dxe5 Qd8+ 51. Kc3 Qd1 52. Ra3 Rxa3+
53. Nxa3 Qxg4 54. Qxc6 Qxf4 55. Qd6 Bxh5 56. c6 Qe3+ 57. Kb2 Qe2+ 58. Kc1 Qe1+
59. Kb2 Qe2+ 60. Nc2 Bg6 61. Qc5 Bxc2 62. Qxc2 Qxe5+ 63. Kb1 Qe1+ 64. Ka2 Qxb4
65. c7 Qa5+ 66. Kb1 Qb4+ 67. Kc1 Qe1+ 1/2-1/2

[Event "42. Torneo Capablanca In Memoriam-Open"]
[Site "La Habana CUB"]
[Date "2007.05.26"]
[Round "8.17"]
[White "Larduet Despaigne, Carlos"]
[Black "Fernandez, Alexey"]
[Result "1/2-1/2"]
[WhiteElo "2286"]
[BlackElo "2414"]
[PlyCount "91"]
[EventDate "2007.05.18"]
[EventType "swiss"]
[EventRounds "9"]
[EventCountry "CUB"]
[Source "lmi"]
[SourceDate "2007.05.18"]

1. d4 d5 2. Nf3 Nf6 3. c4 c6 4. Qc2 e6 5. Bg5 h6 6. Bxf6 Qxf6 7. e3 dxc4 8.
Bxc4 Nd7 9. O-O g6 10. Nc3 Qe7 11. Rfd1 Bg7 12. Rac1 O-O 13. a3 b6 14. Qe2 a6
15. Ba2 Bb7 16. e4 Rfe8 17. Bb1 Rad8 18. Qc2 b5 19. h4 c5 20. d5 Ne5 21. Nxe5
Bxe5 22. dxe6 Qxe6 23. Nd5 Qg4 24. Qxc5 Bxd5 25. Rxd5 Rxd5 26. Qxd5 Qxh4 27.
Ba2 Re7 28. Rc8+ Kh7 29. Qd8 h5 30. Bxf7 Qf6 31. Bd5 Bd4 32. Qg8+ Kh6 33. Qf8+
Qxf8 34. Rxf8 Rc7 35. b3 Kg5 36. g3 Rc2 37. Kg2 Bc5 38. Rc8 Rxf2+ 39. Kh3 Bd4
40. Rc6 a5 41. a4 bxa4 42. bxa4 Re2 43. Bf7 Bf6 44. Re6 Rf2 45. Bxg6 Kxg6 46.
e5 1/2-1/2

[Event "42. Torneo Capablanca In Memoriam-Open"]
[Site "La Habana CUB"]
[Date "2007.05.26"]
[Round "8.18"]
[White "Cordova, Emilio"]
[Black "Soto Paez, Oliver"]
[Result "1/2-1/2"]
[WhiteElo "2507"]
[BlackElo "2350"]
[PlyCount "191"]
[EventDate "2007.05.18"]
[EventType "swiss"]
[EventRounds "9"]
[EventCountry "CUB"]
[Source "lmi"]
[SourceDate "2007.05.18"]

1. d4 g6 2. Nf3 Bg7 3. g3 Nf6 4. Bg2 d6 5. O-O O-O 6. c4 Nc6 7. Nc3 a6 8. h3
Bd7 9. e4 e5 10. d5 Na5 11. c5 dxc5 12. Bg5 h6 13. Be3 Qe7 14. Qc1 Kh7 15. Nd2
b6 16. Ne2 Bb5 17. Re1 Nb7 18. g4 Bxe2 19. Rxe2 Nd6 20. a4 a5 21. Qc2 Rae8 22.
Nf1 Nd7 23. Ng3 Bf6 24. Bd2 Bg5 25. Bc3 Bf4 26. Ree1 Qg5 27. Ne2 h5 28. Nxf4
exf4 29. Qc1 hxg4 30. h4 Qh6 31. Bd2 Qxh4 32. Bxf4 Ne5 33. Qc3 Qe7 34. Qg3 Rh8
35. Bd2 Kg7 36. Bc3 Rh5 37. Qxg4 Kg8 38. Qg3 Qh4 39. Re3 Nec4 40. Qxh4 Rxh4 41.
Re2 Ne5 42. Rf1 g5 43. f3 f6 44. Be1 Rh7 45. f4 gxf4 46. Rxf4 Rh6 47. Re3 Kf7
48. Bc3 Ndc4 49. Rh3 Rxh3 50. Bxh3 Rg8+ 51. Kf1 Rg3 52. Rh4 Kg7 53. Be6 Rf3+
54. Ke2 Re3+ 55. Kd1 Nd6 56. Bd2 Rd3 57. Rh3 Nxe4 58. Rxd3 Nxd3 59. Be3 Nxb2+
60. Kc2 Nxa4 61. Bd7 Nac3 62. Bc6 a4 63. Bf4 a3 64. Bxc7 Ne2 65. Kb3 Nd4+ 66.
Kxa3 b5 67. Bb7 Nf5 68. Bf4 Nfd6 69. Bc6 Kg6 70. Bd7 Kf7 71. Kb3 Ke7 72. Bc6
Nf2 73. Be3 Nd3 74. Kc3 c4 75. Bxb5 Nxb5+ 76. Kxc4 Ne5+ 77. Kxb5 Kd6 78. Kb4
Kxd5 79. Kc3 Ke4 80. Bc1 Nf3 81. Bh6 Ng5 82. Kc2 Kf3 83. Kd3 Nf7 84. Bc1 Ne5+
85. Kd4 Ng4 86. Kd5 f5 87. Bg5 Nf2 88. Bh6 Kg4 89. Be3 Nd3 90. Bd2 Kf3 91. Bh6
Ne1 92. Bd2 Ng2 93. Bh6 Kg4 94. Bc1 Nf4+ 95. Kd6 Nd3 96. Bd2 1/2-1/2

[Event "42. Torneo Capablanca In Memoriam-Open"]
[Site "La Habana CUB"]
[Date "2007.05.26"]
[Round "8.19"]
[White "Pazos Gambarrotti, Plinio"]
[Black "Gonzalez Vidal, Yuri"]
[Result "0-1"]
[WhiteElo "2375"]
[BlackElo "2493"]
[PlyCount "42"]
[EventDate "2007.05.18"]
[EventType "swiss"]
[EventRounds "9"]
[EventCountry "CUB"]
[Source "lmi"]
[SourceDate "2007.05.18"]

1. d4 Nf6 2. Nf3 e6 3. c4 b6 4. a3 Ba6 5. Qc2 Bb7 6. Nbd2 d5 7. e3 Be7 8. Bd3
O-O 9. O-O Nbd7 10. b3 c5 11. Bb2 Rc8 12. Rac1 b5 13. Qb1 cxd4 14. Nxd4 dxc4
15. bxc4 Ne5 16. Be2 bxc4 17. Nxc4 Nxc4 18. Rxc4 Qd5 19. Nf3 Rxc4 20. Bxc4 Qxc4
21. Bxf6 Bxf3 0-1

[Event "42. Torneo Capablanca In Memoriam-Open"]
[Site "La Habana CUB"]
[Date "2007.05.26"]
[Round "8.23"]
[White "Barrientos, Sergio"]
[Black "Arribas Robaina, Maritza"]
[Result "1-0"]
[WhiteElo "2428"]
[BlackElo "2335"]
[PlyCount "74"]
[EventDate "2007.05.18"]
[EventType "swiss"]
[EventRounds "9"]
[EventCountry "CUB"]
[Source "lmi"]
[SourceDate "2007.05.18"]

1. c4 e5 2. g3 Nf6 3. Bg2 c6 4. d4 Bb4+ 5. Bd2 Bxd2+ 6. Qxd2 exd4 7. Qxd4 d5 8.
cxd5 cxd5 9. Nc3 Nc6 10. Qe3+ Be6 11. Rd1 O-O 12. Nf3 Re8 13. O-O Qa5 14. Qd2
Ne4 15. Nxe4 dxe4 16. Qxa5 Nxa5 17. Ng5 Bc4 18. Rfe1 e3 19. b3 h6 20. Ne4 exf2+
21. Kxf2 Be6 22. Nc5 Re7 23. Rc1 Rd8 24. Red1 Rxd1 25. Rxd1 Bg4 26. Ne4 b6 27.
Rd8+ Kh7 28. h3 Rd7 29. Ra8 Be6 30. Nc3 Rc7 31. Nb5 Rc1 32. Rxa7 Ra1 33. Nd4
Kg6 34. Ra6 Nxb3 35. Nxe6 fxe6 36. Rxb6 Nc5 37. Rc6 Na4 1-0

[Event "42. Torneo Capablanca In Memoriam-Open"]
[Site "La Habana CUB"]
[Date "2007.05.26"]
[Round "8.24"]
[White "Duarte, Leonardo"]
[Black "Ibarra Chami, Luis"]
[Result "1-0"]
[WhiteElo "2420"]
[BlackElo "2325"]
[PlyCount "59"]
[EventDate "2007.05.18"]
[EventType "swiss"]
[EventRounds "9"]
[EventCountry "CUB"]
[Source "lmi"]
[SourceDate "2007.05.18"]

1. e4 e6 2. d4 d5 3. Nd2 Nf6 4. e5 Ne4 5. Ngf3 c5 6. c3 Nc6 7. Bd3 Nxd2 8. Bxd2
Qb6 9. dxc5 Bxc5 10. O-O Qc7 11. Re1 Bd7 12. Qe2 O-O-O 13. b4 Be7 14. a4 f6 15.
c4 d4 16. exf6 gxf6 17. c5 e5 18. b5 Na5 19. Rab1 Kb8 20. Rec1 Bxc5 21. Bxa5
Qxa5 22. Rxc5 Rc8 23. Rxc8+ Rxc8 24. Bxh7 Qxa4 25. h4 Rc5 26. Bd3 Bg4 27. Qb2
Rc3 28. Ne1 Qa5 29. b6 axb6 30. f3 1-0

[Event "42. Torneo Capablanca In Memoriam-Open"]
[Site "La Habana CUB"]
[Date "2007.05.26"]
[Round "8.25"]
[White "Santos, Marcus Vinicius Mor"]
[Black "Hevia, Alejano Carlos A"]
[Result "1/2-1/2"]
[WhiteElo "2401"]
[BlackElo "2315"]
[PlyCount "105"]
[EventDate "2007.05.18"]
[EventType "swiss"]
[EventRounds "9"]
[EventCountry "CUB"]
[Source "lmi"]
[SourceDate "2007.05.18"]

1. d4 Nf6 2. c4 e6 3. Nc3 Bb4 4. e3 O-O 5. a3 Bxc3+ 6. bxc3 d6 7. Bd3 e5 8. Ne2
Qe7 9. O-O e4 10. Bb1 Be6 11. Ba2 Nbd7 12. Nf4 Bf5 13. Rb1 b6 14. Rb5 c5 15.
Nd5 Nxd5 16. cxd5 Rae8 17. c4 Qg5 18. Kh1 Bg6 19. f4 exf3 20. gxf3 Qh4 21. Rb2
cxd4 22. Qxd4 Qxd4 23. exd4 Bd3 24. Rg1 Re2 25. Rxe2 Bxe2 26. Re1 Bxf3+ 27. Kg1
Nf6 28. Kf2 Bg4 29. Re7 Re8 30. Rxa7 Re2+ 31. Kg3 h5 32. Bb1 g6 33. h3 Re1 34.
Bg5 Kg7 35. Bxf6+ Kxf6 36. hxg4 Rxb1 37. gxh5 gxh5 38. Rd7 Rb3+ 39. Kf4 h4 40.
Rxd6+ Kg7 41. Rd8 h3 42. Re8 h2 43. Re1 Rh3 44. Rh1 Kf6 45. c5 bxc5 46. dxc5
Rh5 47. Ke4 Rh4+ 48. Ke3 Ke5 49. d6 Ke6 50. Kd3 Kd7 51. Ke3 Kc6 52. Kf3 Kxc5
53. d7 1/2-1/2

[Event "42. Torneo Capablanca In Memoriam-Open"]
[Site "La Habana CUB"]
[Date "2007.05.26"]
[Round "8.26"]
[White "Alonso Moyano, Jonathan"]
[Black "Espinosa, Ermes"]
[Result "0-1"]
[WhiteElo "2365"]
[BlackElo "2380"]
[PlyCount "92"]
[EventDate "2007.05.18"]
[EventType "swiss"]
[EventRounds "9"]
[EventCountry "CUB"]
[Source "lmi"]
[SourceDate "2007.05.18"]

1. e4 e5 2. Bc4 Nf6 3. d3 Nc6 4. Nf3 Be7 5. O-O O-O 6. Re1 d6 7. a3 Kh8 8. c3
Bg4 9. h3 Bh5 10. Nbd2 d5 11. Bb3 dxe4 12. dxe4 Bc5 13. Qe2 Bg6 14. Bc2 a5 15.
Qb5 Bb6 16. Nc4 Nd7 17. Rd1 f6 18. Nxb6 cxb6 19. Be3 Qc7 20. Nh4 Bf7 21. Bb3
Bxb3 22. Qxb3 Rad8 23. Rd5 Ne7 24. Rb5 Qc6 25. Bxb6 Nxb6 26. Rxb6 Qxe4 27. Rxb7
Nd5 28. g3 f5 29. c4 a4 30. Qf3 Qxc4 31. Nxf5 Qc8 32. Ra7 Rxf5 33. Qg4 g6 34.
Qxa4 Rdf8 35. Qd7 Qxd7 36. Rxd7 Nf6 37. Re7 Nd5 38. Rd7 Nf6 39. Re7 Ne4 40. Re1
Ng5 41. Re2 Nxh3+ 42. Kg2 Nxf2 43. b4 Ng4 44. b5 Rh5 45. Kg1 Rh3 46. a4 Rc8 0-1

[Event "42. Torneo Capablanca In Memoriam-Open"]
[Site "La Habana CUB"]
[Date "2007.05.26"]
[Round "8.27"]
[White "Jimenez, Pedro A"]
[Black "Siebrecht, Sebastian"]
[Result "1-0"]
[WhiteElo "2292"]
[BlackElo "2464"]
[PlyCount "71"]
[EventDate "2007.05.18"]
[EventType "swiss"]
[EventRounds "9"]
[EventCountry "CUB"]
[Source "lmi"]
[SourceDate "2007.05.18"]

1. e4 g6 2. d4 Bg7 3. Nc3 d6 4. Be3 a6 5. Qd2 Nd7 6. Nf3 b5 7. Bd3 Bb7 8. a4 b4
9. Ne2 c5 10. c3 bxc3 11. bxc3 cxd4 12. cxd4 Nc5 13. dxc5 Bxa1 14. c6 Bxc6 15.
Qc1 Qa5+ 16. Bd2 Qxa4 17. Bc2 Qa2 18. Bb3 Qxb3 19. Qxc6+ Kf8 20. Qxa8+ Kg7 21.
O-O Qa3 22. h3 h5 23. Qb7 Nf6 24. Bb4 Qa4 25. Nc3 Bxc3 26. Bxc3 e5 27. Ng5 Qc4
28. Bb4 Rd8 29. Qb6 Rd7 30. Bxd6 Qd4 31. Qxd4 exd4 32. Be5 d3 33. Rd1 a5 34.
Bc3 a4 35. e5 Kh6 36. Nxf7+ 1-0

[Event "42. Torneo Capablanca In Memoriam-Open"]
[Site "La Habana CUB"]
[Date "2007.05.26"]
[Round "8.28"]
[White "Marrero Lopez, Yaniet"]
[Black "Needleman, Alejandro"]
[Result "1-0"]
[WhiteElo "2290"]
[BlackElo "2357"]
[PlyCount "55"]
[EventDate "2007.05.18"]
[EventType "swiss"]
[EventRounds "9"]
[EventCountry "CUB"]
[Source "lmi"]
[SourceDate "2007.05.18"]

1. e4 e5 2. Nf3 d6 3. d4 Qe7 4. Nc3 c6 5. a4 Nd7 6. Be2 h6 7. b3 Qf6 8. O-O Ne7
9. Be3 g5 10. d5 a5 11. Nd2 Ng6 12. Nc4 Be7 13. Bg4 O-O 14. Bb6 h5 15. Bxh5
Nxb6 16. Nxb6 Ra6 17. Nxc8 Rxc8 18. Bxg6 Qxg6 19. Qg4 Rd8 20. Rad1 Rb6 21. Ne2
Rb4 22. Ng3 Kf8 23. Nf5 c5 24. Rd3 Bf6 25. Rh3 Bg7 26. Re1 c4 27. Rh5 cxb3 28.
cxb3 1-0

[Event "42. Torneo Capablanca In Memoriam-Open"]
[Site "La Habana CUB"]
[Date "2007.05.26"]
[Round "8.29"]
[White "Ramon Pita, Vivian"]
[Black "Morales, Pedro"]
[Result "0-1"]
[WhiteElo "2259"]
[BlackElo "2340"]
[PlyCount "104"]
[EventDate "2007.05.18"]
[EventType "swiss"]
[EventRounds "9"]
[EventCountry "CUB"]
[Source "lmi"]
[SourceDate "2007.05.18"]

1. d4 Nf6 2. c4 g6 3. Nc3 Bg7 4. e4 d6 5. Be2 O-O 6. Nf3 Nbd7 7. Bg5 h6 8. Bh4
e5 9. d5 Nc5 10. Nd2 a5 11. O-O Bd7 12. b3 Qe8 13. a3 Na6 14. Kh1 Nh7 15. Rb1
f5 16. exf5 gxf5 17. Bh5 Qc8 18. Be7 Re8 19. Bxe8 Qxe8 20. Bh4 e4 21. Rc1 Nc5
22. Rc2 Kh8 23. Re1 Qg6 24. f4 Nd3 25. Rf1 Rg8 26. Ndb1 Nf6 27. Bxf6 Bxf6 28.
Qe2 Bd4 29. Nd1 Qf6 30. Ne3 Qh4 31. Rd2 Rg3 32. Nc2 Bb6 33. Nc3 Rg4 34. Rxd3
exd3 35. Qxd3 Rxf4 36. g3 Rxf1+ 37. Qxf1 Qf6 38. Qf3 f4 39. gxf4 Qg6 40. Ne3
Qd3 41. Ncd1 Bf5 42. Kg1 Be4 43. Qf2 Qb1 44. Qf1 Bd3 45. Qe1 Bxe3+ 46. Qxe3
Qxd1+ 47. Kf2 Qf1+ 48. Kg3 Qe2 49. Qd4+ Kh7 50. Qf6 Qe3+ 51. Kg4 Be2+ 52. Kf5
Qh3+ 0-1

[Event "42. Torneo Capablanca In Memoriam-Open"]
[Site "La Habana CUB"]
[Date "2007.05.26"]
[Round "8.30"]
[White "Cabrera Trujillo, Jorge"]
[Black "Guillen Ramirez, Jose Antonio"]
[Result "1-0"]
[WhiteElo "2334"]
[BlackElo "2246"]
[PlyCount "61"]
[EventDate "2007.05.18"]
[EventType "swiss"]
[EventRounds "9"]
[EventCountry "CUB"]
[Source "lmi"]
[SourceDate "2007.05.18"]

1. e4 c5 2. Nf3 Nc6 3. d4 cxd4 4. Nxd4 Nf6 5. Nc3 e6 6. Ndb5 Bb4 7. a3 Bxc3+ 8.
Nxc3 d5 9. exd5 exd5 10. Bd3 O-O 11. O-O d4 12. Ne2 Bg4 13. f3 Bh5 14. Bg5 Bg6
15. Qd2 Qd6 16. Rad1 Rad8 17. Bxg6 fxg6 18. Be3 d3 19. Qxd3 Qe5 20. Bd4 Nxd4
21. Nxd4 Rfe8 22. c3 Rd7 23. Rf2 Nh5 24. Qc4+ Kh8 25. Qf1 Nf4 26. g3 Qg5 27.
Kh1 Nd5 28. Re1 Rde7 29. Rfe2 Ne3 30. Qf2 h6 31. h4 1-0

[Event "42. Torneo Capablanca In Memoriam-Open"]
[Site "La Habana CUB"]
[Date "2007.05.26"]
[Round "8.31"]
[White "Hernandez, Ramon"]
[Black "Gomez, Felix"]
[Result "1-0"]
[WhiteElo "2252"]
[BlackElo "2329"]
[PlyCount "67"]
[EventDate "2007.05.18"]
[EventType "swiss"]
[EventRounds "9"]
[EventCountry "CUB"]
[Source "lmi"]
[SourceDate "2007.05.18"]

1. e4 e5 2. Nf3 Nc6 3. Bb5 f5 4. Nc3 Nf6 5. Qe2 fxe4 6. Nxe4 d5 7. Nxf6+ gxf6
8. d4 Bg7 9. dxe5 O-O 10. Bxc6 bxc6 11. e6 Re8 12. O-O Rxe6 13. Qd3 c5 14. Rd1
c6 15. c4 Ba6 16. b3 Qe7 17. Ba3 Re8 18. h3 Re4 19. Rac1 Bh6 20. Rc2 Bf8 21.
Bb2 Qg7 22. Nd2 R4e6 23. Qf3 Qg6 24. Rcc1 Bh6 25. Bc3 d4 26. Ba5 Bc8 27. Ra1 f5
28. Nf1 f4 29. Nh2 Re2 30. Bc7 Bf5 31. Ng4 Bg5 32. Bxf4 h5 33. Bxg5 Qxg5 34.
Qxf5 1-0

[Event "42. Torneo Capablanca In Memoriam-Open"]
[Site "La Habana CUB"]
[Date "2007.05.26"]
[Round "8.32"]
[White "Sariego, Wilfredo"]
[Black "Linares Napoles, Oleiny"]
[Result "1-0"]
[WhiteElo "2328"]
[BlackElo "2241"]
[PlyCount "85"]
[EventDate "2007.05.18"]
[EventType "swiss"]
[EventRounds "9"]
[EventCountry "CUB"]
[Source "lmi"]
[SourceDate "2007.05.18"]

1. e4 e5 2. Bc4 Nf6 3. d3 c6 4. Nf3 Be7 5. O-O Qc7 6. Re1 O-O 7. Nbd2 d6 8. Nf1
Nbd7 9. Ng3 b5 10. Bb3 Nc5 11. h3 Re8 12. Bg5 h6 13. Be3 d5 14. Bxc5 Bxc5 15.
exd5 cxd5 16. d4 exd4 17. Rxe8+ Nxe8 18. Bxd5 Rb8 19. Ne4 Rb6 20. Nxc5 Qxc5 21.
Qxd4 Qxc2 22. Qe3 Nf6 23. Rc1 Qf5 24. Bb3 Bb7 25. Rc7 Bd5 26. Bc2 Be4 27. Rxa7
Rd6 28. Bxe4 Nxe4 29. Re7 Nf6 30. Qb3 Nd7 31. g4 Qd5 32. Re8+ Kh7 33. Qxd5 Rxd5
34. Rd8 f6 35. Kg2 g5 36. Kf1 Kg6 37. Ke2 Kf7 38. Ke3 Ke7 39. Rh8 Nf8 40. Rxh6
Ne6 41. h4 Nf4 42. hxg5 fxg5 43. Ke4 1-0

[Event "42. Torneo Capablanca In Memoriam-Open"]
[Site "La Habana CUB"]
[Date "2007.05.26"]
[Round "8.33"]
[White "Llaudy Pupo, Lisandra"]
[Black "Piña Vega, Sulennis"]
[Result "1/2-1/2"]
[WhiteElo "2245"]
[BlackElo "2322"]
[PlyCount "20"]
[EventDate "2007.05.18"]
[EventType "swiss"]
[EventRounds "9"]
[EventCountry "CUB"]
[Source "lmi"]
[SourceDate "2007.05.18"]

1. e4 c5 2. Nf3 d6 3. d4 cxd4 4. Nxd4 Nf6 5. Nc3 Nc6 6. Bc4 e6 7. Bb3 a6 8. Be3
Na5 9. Qe2 b5 10. f3 Be7 1/2-1/2

[Event "42. Torneo Capablanca In Memoriam-Open"]
[Site "La Habana CUB"]
[Date "2007.05.26"]
[Round "8.34"]
[White "Diaz Diaz, Joaquin Carlos"]
[Black "Perez Rodriguez, Jennifer"]
[Result "1-0"]
[WhiteElo "2323"]
[BlackElo "2194"]
[PlyCount "49"]
[EventDate "2007.05.18"]
[EventType "swiss"]
[EventRounds "9"]
[EventCountry "CUB"]
[Source "lmi"]
[SourceDate "2007.05.18"]

1. e4 e5 2. Nf3 Nc6 3. Bb5 a6 4. Ba4 Nf6 5. Qe2 b5 6. Bb3 Bc5 7. c3 O-O 8. d3
h6 9. Be3 Bxe3 10. fxe3 d5 11. exd5 Nxd5 12. O-O Be6 13. Nbd2 Qe7 14. Rac1 Rad8
15. c4 bxc4 16. Nxc4 Ndb4 17. Ne1 Qg5 18. Nd2 Bxb3 19. Nxb3 Qg6 20. a3 Nxd3 21.
Nxd3 Qxd3 22. Qxd3 Rxd3 23. Nc5 Rxe3 24. Kf2 Rb8 25. Kxe3 1-0

[Event "42. Torneo Capablanca In Memoriam-Open"]
[Site "La Habana CUB"]
[Date "2007.05.26"]
[Round "8.35"]
[White "Quezada Perez, Yasser"]
[Black "Lebredo Zaragoitia, Gerardo"]
[Result "1-0"]
[WhiteElo "2155"]
[BlackElo "2256"]
[PlyCount "67"]
[EventDate "2007.05.18"]
[EventType "swiss"]
[EventRounds "9"]
[EventCountry "CUB"]
[Source "lmi"]
[SourceDate "2007.05.18"]

1. e4 c5 2. Nf3 e6 3. d4 cxd4 4. Nxd4 Nc6 5. Nb5 d6 6. c4 Nf6 7. N1c3 a6 8. Na3
Be7 9. Be2 b6 10. O-O Bb7 11. Be3 O-O 12. f3 Rb8 13. Qd2 Ne5 14. Rfd1 Re8 15.
Rac1 Ng6 16. Bf1 Qc7 17. Qf2 Ba8 18. Nc2 Nd7 19. Nd4 Rbc8 20. b4 Qb8 21. Nb3
Bd8 22. c5 bxc5 23. Bxa6 Bb7 24. Bxb7 Qxb7 25. bxc5 Nxc5 26. Nxc5 dxc5 27. Na4
c4 28. Nc5 Qb4 29. a3 Qa5 30. Nb7 Qxa3 31. Nd6 Be7 32. Nxe8 c3 33. Qc2 Rxe8 34.
Qxc3 1-0

[Event "42. Torneo Capablanca In Memoriam-Open"]
[Site "La Habana CUB"]
[Date "2007.05.26"]
[Round "8.36"]
[White "Altamirano Gonzalez, Yehudi"]
[Black "Garcia Pantoja, Roberto"]
[Result "0-1"]
[WhiteElo "2138"]
[BlackElo "2230"]
[PlyCount "44"]
[EventDate "2007.05.18"]
[EventType "swiss"]
[EventRounds "9"]
[EventCountry "CUB"]
[Source "lmi"]
[SourceDate "2007.05.18"]

1. e4 e6 2. d3 d5 3. Nd2 Nf6 4. Ngf3 Nc6 5. c3 a5 6. g3 dxe4 7. dxe4 Bc5 8. Bc4
e5 9. O-O O-O 10. a4 Bh3 11. Re1 Ng4 12. Re2 Qf6 13. Qe1 Rfd8 14. Nh4 Ne7 15.
Ndf3 h6 16. b4 Ba7 17. Be3 Nxe3 18. Rxe3 Bxe3 19. Qxe3 axb4 20. cxb4 Nc6 21.
Qc3 Nd4 22. Nd2 Qc6 0-1

[Event "42. Torneo Capablanca In Memoriam-Open"]
[Site "La Habana CUB"]
[Date "2007.05.26"]
[Round "8.37"]
[White "Vigoa Apecheche, Yanira"]
[Black "Valdes, Alejandro"]
[Result "1/2-1/2"]
[WhiteElo "2217"]
[BlackElo "2121"]
[PlyCount "93"]
[EventDate "2007.05.18"]
[EventType "swiss"]
[EventRounds "9"]
[EventCountry "CUB"]
[Source "lmi"]
[SourceDate "2007.05.18"]

1. d4 Nf6 2. Nf3 e6 3. e3 d5 4. Bd3 c5 5. c3 Nc6 6. Nbd2 Bd6 7. O-O O-O 8. e4
cxd4 9. cxd4 dxe4 10. Nxe4 Be7 11. Be3 Nb4 12. Bb1 b6 13. a3 Nbd5 14. Ne5 Bb7
15. Qd3 Rb8 16. Ng5 g6 17. h4 Bd6 18. Bd2 Nd7 19. f4 Qe7 20. Qh3 Rbe8 21. Ne4
N5f6 22. Nc3 Rd8 23. Be3 Nd5 24. Nxd5 Bxd5 25. h5 Nf6 26. hxg6 fxg6 27. Bd3 Rc8
28. Rac1 Qb7 29. Nf3 Rxc1 30. Bxc1 Rc8 31. Ne5 Nd7 32. Bd2 Nf6 33. Be1 Rc1 34.
Bh4 Rxf1+ 35. Bxf1 Nd7 36. Qg3 Nxe5 37. fxe5 Be7 38. Bf6 Qc7 39. Qg5 Bxf6 40.
exf6 Bc4 41. Qe5 Qc8 42. Qd6 Bxf1 43. Qe7 Qf8 44. Qxe6+ Qf7 45. Qc8+ Qf8 46.
Qe6+ Qf7 47. Qc8+ 1/2-1/2

[Event "42. Torneo Capablanca In Memoriam-Open"]
[Site "La Habana CUB"]
[Date "2007.05.26"]
[Round "8.38"]
[White "Diaz Hernandez, Heriberto"]
[Black "Cardenas Ballester, Maidelin"]
[Result "1-0"]
[WhiteElo "2167"]
[BlackElo "2098"]
[PlyCount "83"]
[EventDate "2007.05.18"]
[EventType "swiss"]
[EventRounds "9"]
[EventCountry "CUB"]
[Source "lmi"]
[SourceDate "2007.05.18"]

1. d4 d5 2. Nf3 c6 3. c4 e6 4. e3 f5 5. Bd3 Nf6 6. O-O Bd6 7. b3 O-O 8. Ba3
Bxa3 9. Nxa3 Qe8 10. b4 Ne4 11. Ne5 Nd7 12. f4 Qe7 13. c5 g5 14. Qh5 Nxe5 15.
fxe5 Bd7 16. Bxe4 dxe4 17. Nc4 Be8 18. Qh6 Bg6 19. a4 b6 20. Nd6 bxc5 21. bxc5
Rab8 22. Rab1 f4 23. exf4 Rxb1 24. Rxb1 e3 25. Rb7 Qxb7 26. Qxf8+ Kxf8 27. Nxb7
Be4 28. fxg5 Kg7 29. Nd6 Bd5 30. Kf1 Kg6 31. h4 Kh5 32. g3 Kg4 33. Ne8 Kxg3 34.
h5 Bc4+ 35. Ke1 Bd3 36. Nf6 Kh4 37. g6 hxg6 38. h6 g5 39. d5 g4 40. Nxg4 exd5
41. e6 Kxg4 42. e7 1-0

[Event "42. Torneo Capablanca In Memoriam-Open"]
[Site "La Habana CUB"]
[Date "2007.05.26"]
[Round "8.39"]
[White "Fleitas Marti, Yuleikis"]
[Black "Naranjo, Sebastian"]
[Result "1-0"]
[WhiteElo "2165"]
[BlackElo "2039"]
[PlyCount "93"]
[EventDate "2007.05.18"]
[EventType "swiss"]
[EventRounds "9"]
[EventCountry "CUB"]
[Source "lmi"]
[SourceDate "2007.05.18"]

1. e4 c5 2. Nf3 d6 3. d4 cxd4 4. Nxd4 Nf6 5. f3 e5 6. Bb5+ Bd7 7. Bxd7+ Qxd7 8.
Nf5 d5 9. Bg5 dxe4 10. Bxf6 Qxd1+ 11. Kxd1 gxf6 12. fxe4 Nd7 13. c3 Nc5 14. Nd2
O-O-O 15. Kc2 Rg8 16. g3 Rg4 17. Rae1 Rg5 18. Rhf1 a5 19. Ne3 Rh5 20. h4 Bh6
21. Rf3 b5 22. Nef1 Rd6 23. Nb3 Nb7 24. Re2 a4 25. Nbd2 Nc5 26. Rh2 f5 27. Rxf5
Rxf5 28. exf5 Kd7 29. Re2 f6 30. b3 axb3+ 31. axb3 Ra6 32. b4 Ra2+ 33. Kb1 Na4
34. Kxa2 Nxc3+ 35. Kb2 Nxe2 36. Ne4 Ke7 37. Nh2 Nd4 38. g4 Bf4 39. Nf1 h5 40.
g5 fxg5 41. f6+ Kf7 42. hxg5 h4 43. Nd6+ Kf8 44. g6 Nc6 45. Nh2 Bxh2 46. g7+
Kg8 47. Nf5 1-0

[Event "42. Torneo Capablanca In Memoriam-Open"]
[Site "La Habana CUB"]
[Date "2007.05.26"]
[Round "8.40"]
[White "Moya Hernandez, Yuleisys"]
[Black "Miranda, Yerisbel"]
[Result "1/2-1/2"]
[WhiteElo "2115"]
[BlackElo "2102"]
[PlyCount "30"]
[EventDate "2007.05.18"]
[EventType "swiss"]
[EventRounds "9"]
[EventCountry "CUB"]
[Source "lmi"]
[SourceDate "2007.05.18"]

1. d4 d5 2. c4 e6 3. Nc3 Nf6 4. cxd5 exd5 5. Bg5 c6 6. e3 Nbd7 7. Bd3 Be7 8.
Nge2 O-O 9. O-O Ne4 10. Bxe7 Qxe7 11. Qc2 f5 12. Rae1 Qg5 13. Nf4 Ndf6 14. f3
Nxc3 15. bxc3 b5 1/2-1/2